| 000 | 00698cam a2200193 4500 | ||
|---|---|---|---|
| 001 | WB3719-37 | ||
| 008 | 000000n2001 000 0 eng u | ||
| 035 | _a(Sirsi) u112650 | ||
| 245 | _aCommitment to rural change welcomed | ||
| 260 | _c2001 | ||
| 490 |
_aRICS Press Release _v(pr069) 16 May 2001, (2) |
||
| 520 | _aRICS has welcomed the Labour Party's election manifesto pledge to create a Department for Rural Affairs, and to establish an independent commission. RICS has consistently lobbied for a Department of Agriculture and Rural Development. | ||
| 590 | _aWB | ||
| 650 | _aRICS | ||
| 650 | _aLABOUR PARTY | ||
| 650 | _aELECTION MANIFESTOS | ||
| 690 |
_aRural _96268 |
||
| 942 | _n0 | ||
| 999 |
_c67050 _d67050 |
||